24h Nurburgring - Statistics

General Stats
  • This quiz has been taken 95 times
    19 since last reset
  • The average score is 28 of 82
Answer Stats
Hint Answer % Correct
2017 Car Audi R8 LMS
92%
2015 Car Audi R8 LMS
92%
2019 Car Audi R8 LMS Evo
92%
2024 Car Audi R8 LMS Evo II
92%
2022 Car Audi R8 LMS Evo II
92%
2014 Car Audi R8 LMS Ultra
92%
2012 Car Audi R8 LMS Ultra
92%
2025 Car BMW M4 GT3
85%
2021 Driver Kévin Estre
77%
2021 Car Manthey Racing
77%
2018 Team Manthey Racing
77%
2016 Car Mercedes-AMG GT3
77%
2021 Team Porsche 911 GT3 R
77%
2018 Car Porsche 911 GT3 R
77%
2025 Team Rowe Racing
77%
2020 Team Rowe Racing
77%
2025 Driver Kelvin Van der Linde
62%
2022 Driver Kelvin van der Linde
62%
2017 Driver Kelvin van der Linde
62%
2020 Car BMW M6 GT3
54%
2024 Team Scherer Sport PHX
54%
2025 Driver Augusto Farfus
46%
2023 Car Ferrari 296 GT3
46%
2014 Driver Christopher Haase
38%
2012 Driver Christopher Haase
38%
2023 Team Frikadelli Racing Team
38%
2016 Driver Maro Engel
38%
2025 Driver Raffaele Marciello
38%
2014 Driver René Rast
38%
2017 Team Audi Sport Team Land / Land-Motorsport
31%
2022 Team Audi Sport Team Phoenix
31%
2019 Team Audi Sport Team Phoenix
31%
2012 Team Audi Sport Team Phoenix
31%
2015 Team Audi Sport Team WRT
31%
2024 Driver Christopher Mies
31%
2017 Driver Christopher Mies
31%
2015 Driver Christopher Mies
31%
2024 Driver Frank Stippler
31%
2019 Driver Frank Stippler
31%
2012 Driver Frank Stippler
31%
2013 Car Mercedes-Benz SLS AMG GT3
31%
2023 Driver Nicky Catsburg
31%
2020 Driver Nicky Catsburg
31%
2015 Driver Nico Müller
31%
2014 Team Phoenix Racing
31%
2024 Driver Ricardo Feller
31%
2016 Driver Bernd Schneider
23%
2013 Driver Bernd Schneider
23%
2023 Driver Earl Bamber
23%
2016 Team AMG-Team Black Falcon
15%
2013 Team Black Falcon
15%
2023 Driver David Pittard
15%
2023 Driver Felipe Fernández Laser
15%
2017 Driver Markus Winkelhock
15%
2014 Driver Markus Winkelhock
15%
2012 Driver Markus Winkelhock
15%
2020 Driver Nick Yelloly
15%
2022 Driver Robin Frijns
15%
2016 Driver Adam Christodoulou
8%
2020 Driver Alexander Sims
8%
2017 Driver Connor De Phillippi
8%
2022 Driver Dries Vanthoor
8%
2019 Driver Dries Vanthoor
8%
2018 Driver Frédéric Makowiecki
8%
2022 Driver Frédéric Vervisch
8%
2019 Driver Frédéric Vervisch
8%
2013 Driver Jeroen Bleekemolen
8%
2025 Driver Jesse Krohn
8%
2015 Driver Laurens Vanthoor
8%
2016 Driver Manuel Metzger
8%
2021 Driver Matteo Cairoli
8%
2018 Driver Nick Tandy
8%
2018 Driver Patrick Pilet
8%
2019 Driver Pierre Kaffer
8%
2018 Driver Richard Lietz
8%
2013 Driver Sean Edwards
8%
2014 Driver Christian Mamerow
0%
2024 Driver Dennis Marschall
0%
2015 Driver Edward Sandström
0%
2012 Driver Marc Basseng
0%
2021 Driver Michael Christensen
0%
2013 Driver Nicki Thiim
0%
No matching quizzes found
Score Distribution
Percent of People with Each Score
Percentile by Number Answered
Your Score History
You have not taken this quiz since the last reset